Ένα συντομότερο χρονικό του χρόνου

Αποθηκεύτηκε σε:
Λεπτομέρειες βιβλιογραφικής εγγραφής
Κύριος συγγραφέας: Hawking, Stephen, 1942-2018
Άλλοι συγγραφείς: Mlodinow, Leonard, 1954-
Μορφή: Βιβλίο
Γλώσσα:Greek
English
Δημοσίευση: Αθήνα : Κάτοπτρο, 2005.
Θέματα:
Ετικέτες: Προσθήκη ετικέτας
Δεν υπάρχουν, Καταχωρήστε ετικέτα πρώτοι!

MARC

LEADER 00000cam a2200000 i 4500
001 1/51963
008 070821s2005 gr | ||| |||| ||gre||
020 |a 960777888X 
035 |l 10089869 
040 |a GR-MyUa  |b gre  |e AACR2 
041 1 |a gre  |h eng 
082 7 |a 523.1   |2 (22) 
100 1 |a Hawking, Stephen,   |d 1942-2018. 
245 1 0 |a Ένα συντομότερο χρονικό του χρόνου /   |c Stephen Hawking και Leonard Mlodinow. 
260 |a Αθήνα :   |b Κάτοπτρο,   |c 2005. 
300 |a 199 σ. :   |b εικ. ;   |c 22 εκ. 
500 |a Τίτλος πρωτοτύπου: A briefer history of time. 
500 |a "Μία περισσότερο προσιτή, εικονογραφημένη, εκ νέου επιμελημένη έκδοση του κλασικού βιβλίου". - Σημείωση στο εξώφυλλο. 
500 |a Περιλαμβάνει ευρετήριο. 
650 0 |a Cosmology. 
700 1 |a Mlodinow, Leonard,   |d 1954- 
852 |a INST  |b LESVOS  |e 20080908  |h 523.1 HAW  |p 005100042049  |q 005100042049  |t BK  |y 0 
852 |a INST  |b SYROS  |e 20070821  |h 523.1 HAW  |p 005500007222  |q 005500007222  |t BK  |y 0 
901 |a BIBL5-2007-2 
901 |a BIBL1-2008-3 
922 |a 5ΕΛΗ  |b 200708  |c ΕΠΕΑΕΚ2/ΤΜΣΠΣ  |d Σ. ΠΑΤΑΚΗΣ 
922 |a 1ΕΛΗ  |b 200802  |c ΕΠΕΑΕΚ2/ΤΠ  |d Σ. ΠΑΤΑΚΗΣ 
970 |a ΚΟΝΤΟΥ  |b ΠΑΡΑΣΚΕΥΗ  |z 2007/08/21